[Event "3rd Al Ain Chess Classic"]
[Site "Al-Ain UAE"]
[Date "2014.12.23"]
[Round "6.74"]
[White "Hamad Essam"]
[Black "Rashid, Shaeri"]
[Result "1/2-1/2"]
[WhiteElo "1383"]
[BlackElo "1377"]
[WhiteFideId "9313397"]
[BlackFideId "9308113"]
[EventDate "2014.12.19"]

1. e4 c5 2. Nf3 d6 3. Bb5+ Bd7 4. Bxd7+ Qxd7 5. c4 Nc6 6. d4 cxd4 7. Nxd4 Nf6 8.
Nc3 g6 9. Be3 Bg7 10. h3 O-O 11. O-O Rac8 12. b3 Nxd4 13. Bxd4 e6 14. Rc1 Qc6
15. Re1 a6 16. Qd2 Rfd8 17. Rcd1 b5 18. cxb5 axb5 19. Rc1 Qb7 20. a4 b4 21. Nb5
Rxc1 22. Rxc1 Nxe4 23. Qxb4 Bxd4 24. Qxd4 d5 25. Rc7 Qb8 1/2-1/2

[Event "3rd Al Ain Chess Classic"]
[Site "Al-Ain UAE"]
[Date "2014.12.24"]
[Round "7.1"]
[White "Nigalidze, Gaioz"]
[Black "Kryvoruchko, Yuriy"]
[Result "1/2-1/2"]
[WhiteTitle "GM"]
[BlackTitle "GM"]
[WhiteElo "2536"]
[BlackElo "2671"]
[WhiteFideId "13603078"]
[BlackFideId "14109182"]
[EventDate "2014.12.19"]

1. Nf3 Nf6 2. c4 b6 3. g3 Bb7 4. d4 e6 5. Bg2 Be7 6. O-O O-O 7. Nc3 Ne4 8. Nxe4
Bxe4 9. Ne1 Bxg2 10. Nxg2 d6 11. Qa4 c5 12. Rd1 cxd4 13. Rxd4 Qc7 14. Rd1 Nd7
15. Bf4 a6 16. Rac1 Rfc8 17. Ne1 h6 18. Nd3 Qb7 19. Qb4 Nc5 20. Nxc5 dxc5 21.
Qb3 Rd8 22. Rxd8+ Rxd8 23. Rd1 Rxd1+ 24. Qxd1 b5 25. b3 bxc4 26. bxc4 Qb2 27.
Qa4 Qxe2 28. Qxa6 Qe1+ 29. Kg2 Qe4+ 30. Kg1 g5 31. Be3 f5 32. Qb5 f4 33. gxf4
Kf7 34. fxg5 1/2-1/2

[Event "3rd Al Ain Chess Classic"]
[Site "Al-Ain UAE"]
[Date "2014.12.24"]
[Round "7.2"]
[White "Zhigalko, Sergei"]
[Black "Onischuk, Vladimir"]
[Result "1/2-1/2"]
[WhiteTitle "GM"]
[BlackTitle "GM"]
[WhiteElo "2672"]
[BlackElo "2614"]
[WhiteFideId "13502956"]
[BlackFideId "14114038"]
[EventDate "2014.12.19"]

1. d4 Nf6 2. c4 e5 3. dxe5 Ng4 4. Bf4 Nc6 5. Nf3 Bb4+ 6. Nbd2 Qe7 7. e3 Ngxe5 8.
Nxe5 Nxe5 9. Be2 O-O 10. O-O d6 11. Nb1 a5 12. a3 Bc5 13. Nc3 Be6 14. f3 Nxc4
15. b4 Ra6 1/2-1/2

[Event "3rd Al Ain Chess Classic"]
[Site "Al-Ain UAE"]
[Date "2014.12.24"]
[Round "7.3"]
[White "Gopal, G.N."]
[Black "Areshchenko, Alexander"]
[Result "1/2-1/2"]
[WhiteTitle "GM"]
[BlackTitle "GM"]
[WhiteElo "2580"]
[BlackElo "2666"]
[WhiteFideId "5015693"]
[BlackFideId "14109530"]
[EventDate "2014.12.19"]

1. e4 c5 2. Nf3 d6 3. d4 cxd4 4. Nxd4 Nf6 5. Nc3 a6 6. h3 e6 7. g4 Nfd7 8. g5 b5
9. a3 Bb7 10. h4 Nb6 11. h5 N8d7 12. Rh3 Nc5 13. Qg4 e5 14. Nf5 g6 15. hxg6 fxg6
16. Be3 Rc8 17. O-O-O Qd7 18. Nh6 Bxh6 19. Qxd7+ Nbxd7 20. Rxh6 Nxe4 21. Bg2
Nxc3 22. Bxb7 Nxd1 23. Bxc8 Nxe3 24. fxe3 Nc5 25. b4 O-O 26. bxc5 Rxc8 27. cxd6
Rd8 28. a4 Rxd6 29. axb5 axb5 30. Rh4 h5 31. gxh6 Kh7 32. Kb2 g5 33. Re4 Rg6 34.
Rxe5 g4 35. Rh5 g3 36. Rh1 g2 37. Rg1 Kxh6 38. Kb3 Kh5 39. c4 bxc4+ 40. Kxc4 Kh4
41. e4 Kg3 42. e5 Kf2 43. Rxg2+ Rxg2 44. Kd5 Kf3 45. e6 Kf4 46. e7 Re2 47. Kd6
Kf5 48. Kd7 Rd2+ 49. Kc8 Re2 50. Kd7 Rxe7+ 51. Kxe7 1/2-1/2

[Event "3rd Al Ain Chess Classic"]
[Site "Al-Ain UAE"]
[Date "2014.12.24"]
[Round "7.4"]
[White "Kovchan, Alexander"]
[Black "Petrosian, Tigran L."]
[Result "0-1"]
[WhiteTitle "GM"]
[BlackTitle "GM"]
[WhiteElo "2569"]
[BlackElo "2651"]
[WhiteFideId "14103052"]
[BlackFideId "13301616"]
[EventDate "2014.12.19"]

1. e4 d6 2. d4 Nf6 3. Nc3 g6 4. Nf3 Bg7 5. Be2 a6 6. a4 O-O 7. O-O b6 8. e5 Nfd7
9. Bf4 Nc6 10. Re1 Bb7 11. Bc4 dxe5 12. dxe5 e6 13. Qe2 h6 14. h4 Qe7 15. Bd3
Nc5 16. Be4 Rad8 17. Rad1 Rxd1 18. Rxd1 Rd8 19. Rxd8+ Qxd8 20. Qe3 Nxe4 21. Nxe4
Qd1+ 22. Kh2 Ne7 23. Nf6+ Bxf6 24. exf6 Nf5 25. Qc3 Bxf3 26. Qxf3 Qxf3 27. gxf3
c6 28. Kh3 h5 29. Be3 b5 30. axb5 axb5 31. f4 Kf8 32. Bc5+ Ke8 33. f3 Kd7 34. b4
Kc7 35. c3 Kd7 36. Bf8 Ne3 37. Bc5 Nd1 38. Bd4 Kd6 39. Kg3 Kd5 40. f5 exf5 41.
Kf4 Nb2 42. Ke3 Nc4+ 43. Kf4 Ke6 44. Kg3 Nd6 45. Kf4 Ne8 46. Kg5 Nc7 47. Bb6 Nd5
48. Bd4 f4 49. Kh6 Nxf6 50. Kg5 Nd5 51. Bh8 Ne7 52. Bd4 Nf5 53. Bf2 Ne3 54. Bg1
Ke5 55. Bf2 Nf5 56. Be1 Ng3 57. Bf2 Ne2 58. Ba7 Nxc3 59. Bb8+ Ke6 60. Bxf4 Nd5
61. Bd2 Ne7 62. Be1 f6+ 63. Kf4 g5+ 64. hxg5 Nd5+ 65. Ke4 fxg5 66. Kd4 h4 67.
Kc5 Nf4 68. Kxc6 Nd3 69. Bd2 h3 0-1

[Event "3rd Al Ain Chess Classic"]
[Site "Al-Ain UAE"]
[Date "2014.12.24"]
[Round "7.5"]
[White "Sengupta, Deep"]
[Black "Shankland, Samuel L"]
[Result "1/2-1/2"]
[WhiteTitle "GM"]
[BlackTitle "GM"]
[WhiteElo "2566"]
[BlackElo "2642"]
[WhiteFideId "5008352"]
[BlackFideId "2004887"]
[EventDate "2014.12.19"]

1. e4 e5 2. Nf3 Nc6 3. Bb5 Nf6 4. d3 Bc5 5. Bxc6 dxc6 6. Nbd2 Be6 7. O-O Bd6 8.
d4 Nd7 9. dxe5 Nxe5 10. Nxe5 Bxe5 11. f4 Bd4+ 12. Kh1 Qe7 13. Nf3 Bb6 14. b3 Bd7
15. Ne5 O-O-O 16. Bb2 Be6 17. Qf3 f6 18. Nd3 Rhe8 19. f5 Bg8 20. Rae1 Ba5 21.
Re2 Bd5 22. Qf2 Bb6 23. Qh4 Bxe4 24. Bc3 Bd4 25. Bb4 c5 26. Rfe1 g5 27. fxg6 f5
28. Qxe7 Rxe7 29. Bxc5 Bxc5 30. Nxc5 hxg6 31. Kg1 Rde8 32. Kf2 Re5 33. Nxe4 fxe4
34. Ke3 b5 35. a3 R8e6 36. Rf1 Ra6 37. Rf4 Rxa3 38. Rxe4 Rxe4+ 39. Kxe4 Ra6 40.
Kd5 Rf6 41. Re6 Rxe6 42. Kxe6 a5 43. Kd5 c6+ 44. Kd4 Kd7 45. c4 b4 46. h4 Kd6
47. c5+ Ke6 48. g4 1/2-1/2

[Event "3rd Al Ain Chess Classic"]
[Site "Al-Ain UAE"]
[Date "2014.12.24"]
[Round "7.6"]
[White "Paichadze, Luka"]
[Black "Vidit, Santosh Gujrathi"]
[Result "1/2-1/2"]
[WhiteTitle "GM"]
[BlackTitle "GM"]
[WhiteElo "2561"]
[BlackElo "2625"]
[WhiteFideId "13602934"]
[BlackFideId "5029465"]
[EventDate "2014.12.19"]

1. e4 c5 2. c3 Nf6 3. e5 Nd5 4. d4 cxd4 5. Nf3 Nc6 6. cxd4 d6 7. Bc4 dxe5 8.
dxe5 Ndb4 9. Qb3 e6 10. O-O Na5 11. Bb5+ Bd7 12. Qa4 Bxb5 13. Qxb5+ Nac6 14. Nc3
a6 15. Qc4 Qd3 16. Qf4 Be7 17. a3 Nc2 18. Rd1 Qxd1+ 19. Nxd1 Nxa1 20. Nc3 Nb3
21. Be3 Nc5 22. Bxc5 Bxc5 23. Ng5 O-O 24. Qe4 g6 25. Qh4 h5 26. Nce4 Be7 27. Qg3
Nd4 28. Kh1 Rac8 29. h3 Nf5 30. Qb3 h4 31. Qxb7 Rc1+ 32. Kh2 Rd8 33. Nd6 Rxd6
34. exd6 Bxd6+ 35. g3 hxg3+ 36. fxg3 Bxg3+ 37. Kg2 Rc2+ 38. Kh1 Rc1+ 39. Kg2
Rc2+ 40. Kh1 Rc1+ 1/2-1/2

[Event "3rd Al Ain Chess Classic"]
[Site "Al-Ain UAE"]
[Date "2014.12.24"]
[Round "7.8"]
[White "Miroshnichenko, Evgenij"]
[Black "Grover, Sahaj"]
[Result "0-1"]
[WhiteTitle "GM"]
[BlackTitle "GM"]
[WhiteElo "2618"]
[BlackElo "2505"]
[WhiteFideId "14102595"]
[BlackFideId "5021103"]
[EventDate "2014.12.19"]

1. Nf3 Nf6 2. c4 c5 3. Nc3 Nc6 4. g3 e5 5. Bg2 Be7 6. O-O O-O 7. d3 d6 8. a3 h6
9. Rb1 Bg4 10. b4 Qd7 11. e3 Qf5 12. bxc5 Qh5 13. cxd6 Bxd6 14. h3 Bxh3 15. Nh2
Bg4 16. Qa4 Nd8 17. Nd5 Nxd5 18. cxd5 Be2 19. d4 b5 20. Rxb5 exd4 21. e4 f5 22.
e5 Qe8 23. Ra5 Bxf1 24. Kxf1 Bxe5 25. Nf3 Nb7 26. Qxe8 Rfxe8 27. Ra6 Rac8 28.
Bd2 Nc5 29. Rxa7 Bb8 30. Ra8 Nb3 31. Bh3 Nxd2+ 32. Nxd2 g6 33. Ra4 d3 34. Rd4
Ba7 35. Rxd3 Rc1+ 36. Kg2 Re2 0-1

[Event "3rd Al Ain Chess Classic"]
[Site "Al-Ain UAE"]
[Date "2014.12.24"]
[Round "7.9"]
[White "Abasov, Nijat"]
[Black "Sandipan, Chanda"]
[Result "1/2-1/2"]
[WhiteTitle "GM"]
[BlackTitle "GM"]
[WhiteElo "2509"]
[BlackElo "2599"]
[WhiteFideId "13402960"]
[BlackFideId "5004225"]
[EventDate "2014.12.19"]

1. e4 e5 2. Nf3 Nc6 3. Bb5 g6 4. O-O Bg7 5. c3 a6 6. Bxc6 dxc6 7. d4 exd4 8.
cxd4 Ne7 9. h3 O-O 10. Nc3 Be6 11. Re1 f6 12. Bf4 Qd7 13. Qc2 Rad8 14. Rad1 Rfe8
15. b3 Qc8 16. Na4 Bf7 17. Bg3 f5 18. Bh4 fxe4 19. Rxe4 Qf5 20. Rc1 Nd5 21. Nc5
Rxe4 22. Bxd8 Re8 23. Qxf5 gxf5 24. Nxb7 Nf4 25. Kf1 Ne6 26. Bh4 Nxd4 27. Nxd4
Bxd4 28. Nd8 c5 29. Nc6 f4 30. Bg5 f3 31. gxf3 Bh5 32. Kg2 Re6 33. Nxd4 cxd4 34.
Bf4 Rg6+ 35. Bg3 Rf6 36. Be5 Rg6+ 37. Bg3 Rf6 38. Be5 Rg6+ 39. Kf1 d3 40. Ke1 1/2-1/2

[Event "3rd Al Ain Chess Classic"]
[Site "Al-Ain UAE"]
[Date "2014.12.24"]
[Round "7.10"]
[White "Volkov, Sergey"]
[Black "Arun Prasad, S."]
[Result "1-0"]
[WhiteTitle "GM"]
[BlackTitle "GM"]
[WhiteElo "2599"]
[BlackElo "2482"]
[WhiteFideId "4122763"]
[BlackFideId "5011167"]
[EventDate "2014.12.19"]

1. d4 Nf6 2. c4 e6 3. Nc3 Bb4 4. f3 c5 5. d5 O-O 6. e4 b5 7. e5 Ne8 8. cxb5 exd5
9. Qxd5 Nc7 10. Qd6 a6 11. Nh3 Re8 12. Bg5 f6 13. b6 Ne6 14. Bh4 g5 15. Bg3 Nc6
16. Bc4 Bb7 17. O-O-O Bxc3 18. bxc3 Na5 19. Bxe6+ Rxe6 20. Qxe6+ dxe6 21. Rxd8+
Rxd8 22. exf6 h6 23. Nf2 Nc4 24. h4 1-0

[Event "3rd Al Ain Chess Classic"]
[Site "Al-Ain UAE"]
[Date "2014.12.24"]
[Round "7.11"]
[White "Mchedlishvili, Mikheil"]
[Black "Bakre, Tejas"]
[Result "1-0"]
[WhiteTitle "GM"]
[BlackTitle "GM"]
[WhiteElo "2625"]
[BlackElo "2454"]
[WhiteFideId "13600966"]
[BlackFideId "5004195"]
[EventDate "2014.12.19"]

1. d4 d5 2. c4 c6 3. Nf3 Nf6 4. Nc3 dxc4 5. a4 Bf5 6. Ne5 e6 7. f3 Bb4 8. Nxc4
O-O 9. Kf2 c5 10. e4 Bxc3 11. bxc3 Bxe4 12. fxe4 Nxe4+ 13. Kg1 Nxc3 14. Qe1 cxd4
15. Ba3 Nc6 16. Bxf8 Qxf8 17. h4 Qc5 18. Nd2 Ne5 19. Rh3 Ng4 20. Bd3 Ne3 21. Nf1
Ng4 22. h5 Re8 23. Nd2 f5 24. Rg3 Ne3 25. Rc1 Qd5 26. Nf1 Ng4 27. Qd2 Rf8 28.
Re1 Nf6 29. Qg5 Rf7 30. Nd2 Nfe4 31. Bxe4 fxe4 32. h6 g6 33. Nxe4 Nxe4 34. Qxd5
exd5 35. Rd3 Rf5 36. Rxd4 Kf7 37. Rc1 Ke6 38. Rc7 Ng3 39. Kh2 Ne2 40. Rd3 d4 41.
Rxh7 Rh5+ 42. Rh3 d3 43. Rxh5 1-0

[Event "3rd Al Ain Chess Classic"]
[Site "Al-Ain UAE"]
[Date "2014.12.24"]
[Round "7.12"]
[White "Shyam, Sundar M."]
[Black "Kuzubov, Yuriy"]
[Result "0-1"]
[WhiteTitle "GM"]
[BlackTitle "GM"]
[WhiteElo "2484"]
[BlackElo "2701"]
[WhiteFideId "5019141"]
[BlackFideId "14112906"]
[EventDate "2014.12.19"]

1. e4 c5 2. Nf3 Nc6 3. Bb5 e6 4. Bxc6 bxc6 5. d3 d5 6. Qe2 Ne7 7. O-O Ng6 8. c4
Bd6 9. e5 Bc7 10. Nc3 O-O 11. Bg5 f6 12. exf6 gxf6 13. Bh6 Re8 14. Na4 e5 15.
Rad1 Kh8 16. Kh1 Rg8 17. Ng1 Nh4 18. g3 Nf5 19. Be3 Nd4 20. Qd2 Qe7 21. Rde1 Bf5
22. cxd5 Qd6 23. Rc1 Qxd5+ 24. f3 Bb6 25. Nc3 Qf7 26. Ne4 Rad8 27. Qg2 Ne6 28.
Rfd1 Rd5 29. Qf2 Rgd8 30. Nxc5 Bxc5 31. Bxc5 e4 32. Bb4 Rxd3 33. Rxd3 Rxd3 34.
g4 Bg6 35. Rxc6 Qd7 36. Ra6 exf3 37. Bc3 Rxc3 38. bxc3 Be4 39. h4 Nc5 40. Rxf6
Nd3 41. Qd4 Qxd4 42. cxd4 Nf2+ 0-1

[Event "3rd Al Ain Chess Classic"]
[Site "Al-Ain UAE"]
[Date "2014.12.24"]
[Round "7.13"]
[White "Pashikian, Arman"]
[Black "Karavade, Eesha"]
[Result "1-0"]
[WhiteTitle "GM"]
[BlackTitle "IM"]
[WhiteElo "2617"]
[BlackElo "2392"]
[WhiteFideId "13301578"]
[BlackFideId "5012600"]
[EventDate "2014.12.19"]

1. d4 Nf6 2. c4 g6 3. g3 c5 4. d5 e6 5. Nc3 Bg7 6. Bg2 O-O 7. Nf3 exd5 8. cxd5
d6 9. O-O Re8 10. Bf4 a6 11. a4 Qc7 12. Rc1 Nbd7 13. b4 b6 14. a5 bxa5 15. bxc5
Nxc5 16. Na4 Qd8 17. Nxc5 dxc5 18. Ne5 Bb7 19. Nc6 Qd7 20. Qd3 Bf8 21. Rfd1 Rac8
22. Nxa5 Ba8 23. Nc4 Qa7 24. e4 Nd7 25. Ra1 Rcd8 26. Nd6 Ne5 27. Bxe5 Rxe5 28.
Rxa6 Qd7 29. Nc4 Ree8 30. e5 Qb5 31. Ra5 Qb7 32. Rb1 Rxd5 33. Rxa8 1-0

[Event "3rd Al Ain Chess Classic"]
[Site "Al-Ain UAE"]
[Date "2014.12.24"]
[Round "7.14"]
[White "Parligras, Mircea-Emilian"]
[Black "Mosadeghpour, Masoud"]
[Result "1-0"]
[WhiteTitle "GM"]
[WhiteElo "2580"]
[BlackElo "2337"]
[WhiteFideId "1204297"]
[BlackFideId "12519278"]
[EventDate "2014.12.19"]

1. Nf3 Nf6 2. c4 g6 3. Nc3 Bg7 4. e4 c5 5. d4 cxd4 6. Nxd4 Nc6 7. Be3 Ng4 8.
Qxg4 Nxd4 9. Qd1 Ne6 10. Rc1 Qa5 11. Be2 b6 12. O-O Bb7 13. f3 g5 14. a3 Qe5 15.
Qd2 h5 16. Rfd1 d6 17. b4 Rg8 18. Kh1 h4 19. c5 h3 20. gxh3 Rh8 21. cxd6 exd6
22. Bf1 Rd8 23. Nb5 d5 24. exd5 Rxd5 25. Qe2 Ke7 26. Rxd5 Qxd5 27. Nxa7 g4 28.
hxg4 Be5 29. h3 f5 30. gxf5 Nd4 31. Bxd4 Qxf3+ 32. Qxf3 Bxf3+ 33. Bg2 Rxh3+ 34.
Kg1 Bxd4+ 35. Kf1 Rg3 36. Rc2 Kf6 37. Nb5 Bxg2+ 38. Rxg2 Rxg2 39. Kxg2 Bb2 40.
a4 Kxf5 41. a5 bxa5 42. bxa5 Be5 43. a6 Bb8 44. Nd4+ Ke5 45. Nc6+ Kd6 46. Nxb8
Kc7 47. Nd7 1-0

[Event "3rd Al Ain Chess Classic"]
[Site "Al-Ain UAE"]
[Date "2014.12.24"]
[Round "7.15"]
[White "Kravtsiv, Martyn"]
[Black "Babujian, Levon"]
[Result "0-1"]
[WhiteTitle "GM"]
[BlackTitle "GM"]
[WhiteElo "2576"]
[BlackElo "2471"]
[WhiteFideId "14113147"]
[BlackFideId "13301993"]
[EventDate "2014.12.19"]

1. e4 c5 2. Nf3 d6 3. d4 cxd4 4. Nxd4 Nf6 5. Nc3 a6 6. Be3 e6 7. f4 Nbd7 8. Qf3
Qc7 9. O-O-O b5 10. e5 Bb7 11. Qh3 dxe5 12. Nxe6 fxe6 13. Qxe6+ Be7 14. Bxb5
axb5 15. Nxb5 Qc6 16. Nd6+ Kd8 17. fxe5 Kc7 18. Rd4 Kb8 19. exf6 Bxf6 20. Rb4
Ra6 21. Qb3 Qxd6 22. Rxb7+ Ka8 23. Rd1 Nc5 24. Qb5 Qe6 25. Qxc5 Kxb7 26. a3 Rc8
27. Qb5+ Ka8 28. Bf4 Qc4 0-1

[Event "3rd Al Ain Chess Classic"]
[Site "Al-Ain UAE"]
[Date "2014.12.24"]
[Round "7.16"]
[White "Gasanov, Eldar"]
[Black "Morchiashvili, Bachana"]
[Result "1/2-1/2"]
[WhiteTitle "GM"]
[BlackTitle "IM"]
[WhiteElo "2526"]
[BlackElo "2337"]
[WhiteFideId "14104466"]
[BlackFideId "13602535"]
[EventDate "2014.12.19"]

1. c4 e6 2. Nc3 d5 3. d4 Be7 4. cxd5 exd5 5. Bf4 c6 6. Qc2 Bd6 7. Bxd6 Qxd6 8.
e3 Qg6 9. Qd2 Ne7 10. Nge2 O-O 11. Nf4 Qh6 12. Be2 Nd7 13. h4 Ng6 14. Nh5 f5 15.
g3 Nb6 16. b3 Bd7 17. Nd1 a5 18. Nb2 Nc8 19. Nd3 Nd6 20. Qc2 Rfe8 21. Nhf4 Nxf4
22. gxf4 Ne4 23. Ne5 Qd6 24. Rg1 Re7 25. f3 Qb4+ 26. Kf1 Nd6 27. a3 Qb6 28. Bd3
Be6 29. Kf2 Rc8 30. Rac1 Qd8 31. b4 axb4 32. axb4 Re8 33. Kg3 Qb6 34. Qc5 Qxc5
35. bxc5 Nf7 36. Rb1 Rc7 37. Ra1 Rf8 38. Ra4 Nxe5 39. fxe5 f4+ 40. exf4 Rcf7 41.
Rb1 Rxf4 42. Be2 Bc8 43. Rbb4 h5 44. Ra1 Kh7 45. Ra8 g5 46. hxg5 Kg6 47. Rb8
Kxg5 48. Ra4 h4+ 49. Kh2 Bg4 50. Rxb7 Bxf3 51. Bxf3 Rxf3 52. Rg7+ Kf5 53. Ra6
Ke4 54. Rxc6 Kxd4 55. e6 Re3 56. Rg4+ Re4 57. Kh3 Rh8 58. e7 Rxg4 59. Kxg4 h3
60. Rh6 Re8 61. Rxh3 Rxe7 62. c6 Ke4 63. Rc3 Rg7+ 64. Kh3 Rc7 65. Kg2 d4 66. Rc5
d3 67. Kf2 Kd4 68. Ra5 Rxc6 69. Ke1 Rh6 70. Kd1 1/2-1/2

[Event "3rd Al Ain Chess Classic"]
[Site "Al-Ain UAE"]
[Date "2014.12.24"]
[Round "7.17"]
[White "Mammadov, Zaur"]
[Black "Mohammed, Tarig Elther"]
[Result "1/2-1/2"]
[WhiteTitle "IM"]
[WhiteElo "2505"]
[BlackElo "2044"]
[WhiteFideId "13401033"]
[BlackFideId "12200964"]
[EventDate "2014.12.19"]

1. e4 d6 2. d4 Nf6 3. Bd3 e5 4. dxe5 dxe5 5. Nf3 Bc5 6. O-O Qe7 7. Nbd2 O-O 8.
c3 Rd8 9. Qc2 Bg4 10. a4 a5 11. Be2 Nh5 12. Nc4 Nf4 13. Bd1 Bxf3 14. Bxf3 Ra6
15. Bxf4 exf4 16. Rad1 Nd7 17. Qd2 Bd6 18. Nxd6 Qxd6 19. e5 Nxe5 20. Qxf4 Nd3
21. Qe4 Qd7 22. Bg4 Qd5 23. Qe7 Qd6 24. Qe3 Qg6 25. Qf3 Rad6 26. Bf5 Qf6 27. Qh3
Qh6 28. Qf3 Qf6 29. Qh3 Qh6 30. Qxh6 gxh6 31. Rb1 Nc5 32. b4 axb4 33. Rxb4 Ra6
34. Rc4 Ra5 35. Bc2 Rd2 36. Rg4+ Kf8 37. Bxh7 Rxa4 38. Rg3 Ne6 39. h3 Raa2 40.
f4 Ng7 41. Be4 c6 42. f5 Nh5 43. Re3 Nf6 44. Bf3 Nd5 45. Bxd5 cxd5 46. Rg3 Ke7
47. f6+ Kd6 48. Rf4 Ra3 49. Rg7 Ke6 50. Rb4 Kxf6 51. Rg3 Rc2 52. Rb6+ Ke5 53.
Re3+ Kf4 54. Rf3+ Ke4 55. Rxf7 Raxc3 56. Rxh6 Rg3 57. Rf2 Rxf2 58. Kxf2 Rg7 59.
h4 d4 60. h5 Rg5 61. Re6+ Kd5 62. Rb6 Kc5 63. Rxb7 Rxh5 64. Kf3 Kc4 65. g4 Rh1
66. g5 Rg1 67. Kf4 d3 68. Rd7 Kc3 69. Kf5 Rf1+ 70. Ke6 d2 71. g6 Rf3 72. g7 Re3+
73. Kf7 Rf3+ 74. Ke7 Rg3 75. Kf7 Rxg7+ 76. Kxg7 Kc2 77. Rxd2+ Kxd2 1/2-1/2

[Event "3rd Al Ain Chess Classic"]
[Site "Al-Ain UAE"]
[Date "2014.12.24"]
[Round "7.18"]
[White "Vishnu Prasanna, V"]
[Black "Ankit, R. Rajpara"]
[Result "1-0"]
[WhiteTitle "GM"]
[BlackTitle "GM"]
[WhiteElo "2463"]
[BlackElo "2494"]
[WhiteFideId "5030692"]
[BlackFideId "5023335"]
[EventDate "2014.12.19"]

1. e4 d6 2. d4 Nf6 3. Nc3 e5 4. Nf3 Nbd7 5. Bc4 Be7 6. O-O O-O 7. a4 c6 8. h3 a5
9. Re1 h6 10. Ba2 Re8 11. Be3 Qc7 12. Nh4 Nf8 13. Qf3 exd4 14. Bxd4 Ne6 15. Bxe6
Bxe6 16. e5 Nd7 17. exd6 Qxd6 18. Re4 Nc5 19. Be5 Qd2 20. Re2 Qg5 21. Bg3 Bf6
22. Rae1 Red8 23. Kh2 Bxc3 24. Qxc3 Nxa4 25. Qa3 b5 26. b3 Nc3 27. Re5 Qd2 28.
Qc5 b4 29. Qxc6 Qxc2 30. Rxe6 fxe6 31. Rxe6 Qd1 32. Re7 Qh5 33. Be5 Qxh4 34.
Qe6+ 1-0

[Event "3rd Al Ain Chess Classic"]
[Site "Al-Ain UAE"]
[Date "2014.12.24"]
[Round "7.19"]
[White "Abdyjapar, Asyl"]
[Black "Mamedov, Rauf"]
[Result "1/2-1/2"]
[WhiteTitle "IM"]
[BlackTitle "GM"]
[WhiteElo "2385"]
[BlackElo "2658"]
[WhiteFideId "13800337"]
[BlackFideId "13401653"]
[EventDate "2014.12.19"]

1. d4 d6 2. Nf3 Nf6 3. c4 g6 4. Nc3 Bf5 5. g3 Bg7 6. Qb3 Qc8 7. Bg2 c6 8. O-O
O-O 9. Re1 Bg4 10. e4 Bxf3 11. Bxf3 Nfd7 12. Bg5 Re8 13. Rad1 Qc7 14. Be3 Na6
15. Bg2 Rab8 16. Qa3 Qb6 17. b3 Qb4 18. Qb2 Qa5 19. a3 c5 20. Nb5 cxd4 21. Nxd4
Ne5 22. Bd2 Qb6 23. Bc3 Nc5 24. Qc2 Rbc8 25. h3 a5 26. a4 Nc6 27. Nb5 Nb4 28.
Bxb4 axb4 29. Re3 Nd7 30. Kh2 h5 31. h4 Ne5 32. Bh3 Rcd8 33. Qe2 Nc6 34. Red3
Ne5 35. Rd5 Nc6 36. Kg2 e6 37. Rxd6 Rxd6 38. Rxd6 Qc5 39. Rd7 Re7 40. Rd1 b6 41.
f4 Nd4 42. Nxd4 Bxd4 43. e5 Rd7 44. Kh1 Rd8 1/2-1/2

[Event "3rd Al Ain Chess Classic"]
[Site "Al-Ain UAE"]
[Date "2014.12.24"]
[Round "7.20"]
[White "Lupulescu, Constantin"]
[Black "Abdulov, Orkhan"]
[Result "1-0"]
[WhiteTitle "GM"]
[BlackTitle "IM"]
[WhiteElo "2640"]
[BlackElo "2350"]
[WhiteFideId "1207822"]
[BlackFideId "13402714"]
[EventDate "2014.12.19"]

1. d4 Nf6 2. Nf3 e6 3. c4 d5 4. Nc3 Be7 5. Bg5 h6 6. Bxf6 Bxf6 7. e3 O-O 8. Qc2
b6 9. cxd5 exd5 10. Be2 Re8 11. O-O c6 12. b4 Be6 13. Rfd1 Nd7 14. Qb3 b5 15. a4
bxa4 16. Rxa4 Be7 17. Ra6 Nb8 18. Ra5 Qb6 19. Na2 Nd7 20. Qa4 Reb8 21. Ra6 Qb7
22. Rxc6 Nb6 23. Qc2 Nc4 24. Ne5 Nxe5 25. dxe5 Bxb4 26. Ba6 Qd7 27. Rc7 Qd8 28.
Nxb4 Rxb4 29. h3 Rab8 30. Rxa7 Rb2 31. Qc7 Qh4 32. Rf1 d4 33. Bb7 Rf8 34. g3 Qh5
35. exd4 Bxh3 36. Bg2 Bxg2 37. Kxg2 Qg4 38. Qc3 Qe4+ 39. Kg1 Rc2 40. Re1 Qf5 41.
Qe3 Rd8 42. Rea1 Kh7 43. Ra8 Rd5 44. R8a5 Rd7 45. d5 Rb7 46. R5a4 Re7 47. g4 Qg6
48. d6 Rb7 49. Rd1 Rbb2 50. d7 Rxf2 51. d8=Q Rg2+ 52. Kf1 Qc6 53. Qd5 1-0

[Event "3rd Al Ain Chess Classic"]
[Site "Al-Ain UAE"]
[Date "2014.12.24"]
[Round "7.21"]
[White "Gupta, Abhijeet"]
[Black "Abdumalik, Zhansaya"]
[Result "1-0"]
[WhiteTitle "GM"]
[BlackTitle "WGM"]
[WhiteElo "2632"]
[BlackElo "2332"]
[WhiteFideId "5010608"]
[BlackFideId "13703544"]
[EventDate "2014.12.19"]

1. Nf3 Nf6 2. c4 c5 3. Nc3 Nc6 4. g3 d5 5. d4 dxc4 6. d5 Nb4 7. e4 e6 8. Bxc4
exd5 9. exd5 Bh3 10. a3 Na6 11. Bb5+ Nd7 12. Bg5 f6 13. Ne5 Qe7 14. Qh5+ Kd8 15.
Qxh3 Nxe5 16. Be3 Nf3+ 17. Kf1 Nb8 18. Kg2 Ne5 19. Rhe1 a6 20. d6 Qf7 21. Bxc5
Nbd7 22. Bxd7 Qxd7 23. Bb6+ Kc8 24. f4 Ng4 25. Qh5 Bxd6 26. Ne4 g6 27. Rac1+ Kb8
28. Qd5 1-0